Представление документа в формате RUSMARC

ПолеНазваниеЗначение
  Тип записи a
  Библиографический уровень a
001 Контрольный номер RU/CBS_Ul/BASE/502380168
005 Дата корректировки 20250122233006.6
100 Данные общей обработки __
a Данные общей обработки 20151202d2015 ||| 0rusy0189 ca
101 Язык документа 0_
a Язык текста rus
102 Страна публикации __
a Страна публикации RU
105 Кодированные данные (монография) __
a Кодированные данные (монография) y###||||000|y
200 Заглавие и сведения об ответственности 1_
a Заглавие Чтобы рак не укусил
b Общее обозначение материала Текст
e Сведения, относящиеся к заглавию [о веществах способных вызывать рак и как противостоять канцерогенам]
f Первые сведения об ответственности А. Мельников
300 Общие примечания __
a Общие примечания Ограничения по возрасту - 16+
461 Уровень набора _0
1 2000
a Аргументы и факты
463 Уровень физической единицы _0
1 001RU/CBS_Ul/BASE/502372716
1 2000
a № 46
v С. 17 : ил
1 210
d 2015
606 Тематические рубрики 0_
a Основная рубрика Рак (онкол.) - Профилактика
610 Ключевые слова 0_
a Ключевые слова болезни
a Ключевые слова заболевания
a Ключевые слова раковые заболевания
a Ключевые слова рак
a Ключевые слова онкология
a Ключевые слова канцерогены
a Ключевые слова профилактика
686 Индексы других классификаций __
a Классификационный индекс 55.6
2 Код системы ББК
700 Автор _1
a Фамилия Мельников
b Имя (инициалы) А.
801 Источник записи _0
a Страна RU
b Организация МБУК ЦБС г. Ульяновска
c Дата составления 20151202
g Правила каталогизации RCR
801 Источник записи _1
a Страна RU
b Организация МБУК ЦБС г. Ульяновска
c Дата составления 20151202
g Правила каталогизации RCR
901 Тип документа __
t Тип документа f
w Контрольный № источника RU/CBS_Ul/BASE/502372716
910 Корректоры записи __
a Корректор записи Библиотека 1
938 Служебная информация __
a Имя БД period